000 005900000a22001810004500
003 MACL
005 20160522155544.0
008 160522b xxu||||| |||| 00| 0 eng d
040 _aMACL
_cMACL
041 _aHindi
082 _a891.433 PUR
100 _aपुष्‍प, रॉबिन शॉ
_958902
245 _aआखिरी सॉस का किराया
_cरॉबिन शॉ पुष्‍प
260 _bशिवा पब्लिकेशन
_c2002
_aनई दिल्‍ली
350 _a150
650 _aStory
_958903
942 _cHIN
_k800/PUS/S
_2ddc
999 _c9348
_d9348